| 000 | 00895nas a2200289 4500 | ||
|---|---|---|---|
| 001 | BR0700001 | ||
| 003 | BR-BrBNA | ||
| 005 | 20231205110438.0 | ||
| 007 | ta | ||
| 008 | 230509b bl.|||p| |||| 00| 00por d | ||
| 040 |
_aBR-BrBNA _bpor _cBiblioteca Nacional de Agricultura |
||
| 041 | _a(En) | ||
| 072 | _aF30 | ||
| 100 | 1 | _aAndreoli, C. | |
| 100 | 1 | _aCarvalho, C.C. | |
| 100 | 1 | _aAndrade, R.V. de | |
| 245 | 1 | _aYield losses due to inbreeding and the use of molecular markers (RAPD)for assessment of genetic purity in hybrid corn (Zea mays L.) | |
| 650 | _aMILHO | ||
| 650 | _aRENDIMENTO | ||
| 650 | _aENDOGAMIA | ||
| 650 | _aHÍBRIDO | ||
| 650 | _aHETEROSE | ||
| 650 | _aCONTAMINAÇÃO | ||
| 773 | 0 |
_tRevista Brasileira de Milho e Sorgo (Brazil) _xISSN 1676-689X _g(Jan-Apr 2006), v. 5(1) p. 1-14 _wBR0700001 |
|
| 909 |
_a202311 _bLúcia _c55 _dLúcia Elande |
||
| 942 |
_2AGRIS _n0 _cANA |
||
| 999 |
_c187418 _d187418 |
||